[Event "183 Stay Safe Play From Home series"]
[Site "T#646406Emanuel Laske"]
[Date "2020.05.28"]
[Round "3"]
[White "Lazieri3"]
[Black "little champs"]
[Result "1/2-1/2"]
[WhiteElo "2046"]
[BlackElo "2288"]
[PlyCount "194"]
[EventDate "2020.05.28"]
[EventType "swiss (blitz)"]

1. e4 {[%emt 0:00:01]} c5 {[%emt 0:00:01]} 2. Nc3 {[%emt 0:00:02]} Nc6 {[%emt 0:00:01]} 3. d3 {[%emt 0:00:00]} e6 {[%emt 0:00:02]} 4. Nf3 {[%emt 0:00:10]} d5 {[%emt 0:00:01]} 5. Bg5 {[%emt 0:00:01]} Be7 {[%emt 0:00:01]} 6. Bxe7 {[%emt 0:00:01]} Ngxe7 {[%emt 0:00:01]} 7. exd5 {[%emt 0:00:00]} exd5 {[%emt 0:00:01]} 8. d4 {[%emt 0:00:01]} c4 {[%emt 0:00:01]} 9. Be2 {[%emt 0:00:01]} O-O {[%emt 0:00:01]} 10. O-O {[%emt 0:00:01]} h6 {[%emt 0:00:01]} 11. h3 {[%emt 0:00:01]} Nf5 {[%emt 0:00:01]} 12. Qd2 {[%emt 0:00:05]} Be6 {[%emt 0:00:01]} 13. Nd1 {[%emt 0:00:08]} Qf6 {[%emt 0:00:01]} 14. c3 {[%emt 0:00:02]} Nd6 {[%emt 0:00:01]} 15. Ne3 {[%emt 0:00:11]} Ne4 {[%emt 0:00:02]} 16. Qc2 {[%emt 0:00:03]} Rfe8 {[%emt 0:00:02]} 17. Rae1 {[%emt 0:00:04]} Rad8 {[%emt 0:00:01]} 18. Nd2 {[%emt 0:00:04]} Nxd2 {[%emt 0:00:06]} 19. Qxd2 {[%emt 0:00:00]} Qg5 {[%emt 0:00:00]} 20. Kh1 {[%emt 0:00:07]} Qh4 {[%emt 0:00:03]} 21. Bg4 {[%emt 0:00:05]} Bxg4 {[%emt 0:00:02]} 22. Nxg4 {[%emt 0:00:00]} f5 {[%emt 0:00:05]} 23. Ne5 {[%emt 0:00:07]} Nxe5 {[%emt 0:00:01]} 24. Rxe5 {[%emt 0:00:00]} Rxe5 {[%emt 0:00:01]} 25. dxe5 {[%emt 0:00:00]} Qe4 {[%emt 0:00:03]} 26. Re1 {[%emt 0:00:03]} Qh4 {[%emt 0:00:02]} 27. f4 {[%emt 0:00:02]} Qe7 {[%emt 0:00:04]} 28. Qd4 {[%emt 0:00:02]} b6 {[%emt 0:00:01]} 29. Rd1 {[%emt 0:00:03]} Qe6 {[%emt 0:00:02]} 30. b3 {[%emt 0:00:02]} cxb3 {[%emt 0:00:02]} 31. axb3 {[%emt 0:00:00]} Rc8 {[%emt 0:00:05]} 32. Qxd5 {[%emt 0:00:10]} Qxd5 {[%emt 0:00:05]} 33. Rxd5 {[%emt 0:00:00]} Rxc3 {[%emt 0:00:01]} 34. Rd8+ {[%emt 0:00:01]} Kh7 {[%emt 0:00:01]} 35. Rd7 {[%emt 0:00:08]} Rxb3 {[%emt 0:00:02]} 36. Rxa7 {[%emt 0:00:01]} b5 {[%emt 0:00:00]} 37. Rb7 {[%emt 0:00:08]} b4 {[%emt 0:00:01]} 38. Kh2 {[%emt 0:00:04]} h5 {[%emt 0:00:02]} 39. h4 {[%emt 0:00:01]} Rb1 {[%emt 0:00:02]} 40. g3 {[%emt 0:00:02]} b3 {[%emt 0:00:01]} 41. e6 {[%emt 0:00:06]} Kg6 {[%emt 0:00:02]} 42. e7 {[%emt 0:00:06]} Kf7 {[%emt 0:00:01]} 43. Kg2 {[%emt 0:00:01]} g6 {[%emt 0:00:02]} 44. Kh2 {[%emt 0:00:01]} b2 {[%emt 0:00:02]} 45. Kg2 {[%emt 0:00:01]} Ke8 {[%emt 0:00:03]} 46. Kh2 {[%emt 0:00:04] Lazieri3 offers a draw} Kf7 {[%emt 0:00:11]} 47. Kg2 {[%emt 0:00:01]} Re1 {[%emt 0:00:06]} 48. e8=Q+ {[%emt 0:00:02]} Kxe8 {[%emt 0:00:02]} 49. Rxb2 {[%emt 0:00:00]} Ke7 {[%emt 0:00:00]} 50. Kf2 {[%emt 0:00:02]} Rc1 {[%emt 0:00:01]} 51. Re2+ {[%emt 0:00:01]} Kf7 {[%emt 0:00:01]} 52. Re1 {[%emt 0:00:01]} Rc2+ {[%emt 0:00:01]} 53. Re2 {[%emt 0:00:01]} Rc4 {[%emt 0:00:01]} 54. Rd2 {[%emt 0:00:01]} Kg7 {[%emt 0:00:02]} 55. Re2 {[%emt 0:00:01]} Rc7 {[%emt 0:00:02]} 56. Re3 {[%emt 0:00:01]} Kf6 {[%emt 0:00:01]} 57. Re2 {[%emt 0:00:00]} Rc6 {[%emt 0:00:02]} 58. Re3 {[%emt 0:00:00]} Rd6 {[%emt 0:00:01]} 59. Re2 {[%emt 0:00:00]} Ra6 {[%emt 0:00:02]} 60. Re3 {[%emt 0:00:00]} Ra2+ {[%emt 0:00:02]} 61. Re2 {[%emt 0:00:00]} Ra1 {[%emt 0:00:02]} 62. Re3 {[%emt 0:00:00]} Rh1 {[%emt 0:00:01]} 63. Re2 {[%emt 0:00:00]} Kf7 {[%emt 0:00:02]} 64. Re1 {[%emt 0:00:01]} Rh2+ {[%emt 0:00:01]} 65. Kf3 {[%emt 0:00:00]} Rc2 {[%emt 0:00:02]} 66. Re2 {[%emt 0:00:01]} Rc3+ {[%emt 0:00:01]} 67. Kf2 {[%emt 0:00:00]} Rc4 {[%emt 0:00:01]} 68. Re3 {[%emt 0:00:00]} Kf6 {[%emt 0:00:01]} 69. Re2 {[%emt 0:00:00]} Rc7 {[%emt 0:00:01]} 70. Re3 {[%emt 0:00:00]} Rf7 {[%emt 0:00:01]} 71. Re2 {[%emt 0:00:01]} Rc7 {[%emt 0:00:03]} 72. Re3 {[%emt 0:00:01]} Ra7 {[%emt 0:00:04]} 73. Re2 {[%emt 0:00:01]} Ra5 {[%emt 0:00:02]} 74. Re3 {[%emt 0:00:00]} Ra4 {[%emt 0:00:04]} 75. Re2 {[%emt 0:00:00]} Re4 {[%emt 0:00:03]} 76. Kf3 {[%emt 0:00:01]} Rd4 {[%emt 0:00:03]} 77. Kf2 {[%emt 0:00:01]} Kf7 {[%emt 0:00:02]} 78. Re3 {[%emt 0:00:01]} Rc4 {[%emt 0:00:01]} 79. Re2 {[%emt 0:00:01]} Rc3 {[%emt 0:00:01]} 80. Re3 {[%emt 0:00:01]} Rc1 {[%emt 0:00:01]} 81. Re2 {[%emt 0:00:01]} Rc8 {[%emt 0:00:01]} 82. Re3 {[%emt 0:00:01]} Kf6 {[%emt 0:00:01]} 83. Re2 {[%emt 0:00:00]} Rb8 {[%emt 0:00:00]} 84. Re3 {[%emt 0:00:01]} Rb5 {[%emt 0:00:01]} 85. Re2 {[%emt 0:00:00]} Rb4 {[%emt 0:00:03]} 86. Re3 {[%emt 0:00:01]} Ra4 {[%emt 0:00:01]} 87. Re2 {[%emt 0:00:01]} Ra3 {[%emt 0:00:01]} 88. Re3 {[%emt 0:00:01]} Ra1 {[%emt 0:00:01]} 89. Re2 {[%emt 0:00:01]} Ra4 {[%emt 0:00:01]} 90. Re3 {[%emt 0:00:01]} Re4 {[%emt 0:00:01]} 91. Kf3 {[%emt 0:00:01]} Rxe3+ {[%emt 0:00:00]} 92. Kxe3 {[%emt 0:00:00]} Ke6 {[%emt 0:00:00]} 93. Kd4 {[%emt 0:00:01]} Kd6 {[%emt 0:00:00]} 94. Kc4 {[%emt 0:00:00]} Kc6 {[%emt 0:00:01]} 95. Kd4 {[%emt 0:00:00]} Kd6 {[%emt 0:00:00]} 96. Kc4 {[%emt 0:00:00]} Kc6 {[%emt 0:00:01]} 97. Kd4 {[%emt 0:00:00]} Kd6 {[%emt 0:00:01] (Lag: Av=0.78s, max=2.6s)} 1/2-1/2

[Event "183 Stay Safe Play From Home series"]
[Site "T#646406Emanuel Laske"]
[Date "2020.05.28"]
[Round "3"]
[White "Greblah"]
[Black "matematyk3"]
[Result "1-0"]
[WhiteElo "1933"]
[BlackElo "1382"]
[Annotator "NA"]
[PlyCount "129"]
[EventDate "2020.05.28"]
[EventType "swiss (blitz)"]

1. e4 {[%emt 0:00:00]} c5 {[%emt 0:00:11]} 2. Nc3 {[%emt 0:00:05]} Nc6 {[%emt 0:00:00]} 3. g3 {[%emt 0:00:02]} d6 {[%emt 0:00:02]} 4. Bg2 {[%emt 0:00:01]} e5 {[%emt 0:00:03]} 5. d3 {[%emt 0:00:01]} Nf6 {[%emt 0:00:03]} 6. Be3 {[%emt 0:00:01]} Be7 {[%emt 0:00:14]} 7. h3 {[%emt 0:00:01]} O-O {[%emt 0:00:05]} 8. Nf3 {[%emt 0:00:03]} d5 {[%emt 0:00:01]} 9. exd5 {[%emt 0:00:03]} Nxd5 {[%emt 0:00:00]} 10. Nxd5 {[%emt 0:00:02]} Qxd5 {[%emt 0:00:00]} 11. O-O {[%emt 0:00:03]} h6 {[%emt 0:00:02]} 12. Ng5 {[%emt 0:00:05]} Qd8 {[%emt 0:00:05]} 13. Ne4 {[%emt 0:00:01]} Bf5 {[%emt 0:00:03]} 14. Nxc5 {[%emt 0:00:03]} Bxc5 {[%emt 0:00:04]} 15. Bxc5 {[%emt 0:00:01]} Re8 {[%emt 0:00:01]} 16. g4 {[%emt 0:00:05]} Bd7 {[%emt 0:00:04]} 17. Qf3 {[%emt 0:00:09]} Rc8 {[%emt 0:00:07]} 18. Qd5 {[%emt 0:00:02]} Be6 {[%emt 0:00:08]} 19. Qxd8 {[%emt 0:00:02]} Rexd8 {[%emt 0:00:01]} 20. Bxc6 {[%emt 0:00:04]} Rxc6 {[%emt 0:00:01]} 21. Bxa7 {[%emt 0:00:01]} Rxc2 {[%emt 0:00:01]} 22. b3 {[%emt 0:00:15]} Rxd3 {[%emt 0:00:04]} 23. Be3 {[%emt 0:00:26]} f5 {[%emt 0:00:05]} 24. gxf5 {[%emt 0:00:04]} Bxf5 {[%emt 0:00:01]} 25. h4 {[%emt 0:00:01]} Bh3 {[%emt 0:00:08]} 26. Rfc1 {[%emt 0:00:03]} Rxc1+ {[%emt 0:00:03]} 27. Rxc1 {[%emt 0:00:03]} Bg4 {[%emt 0:00:00]} 28. Rc7 {[%emt 0:00:15]} Bf3 {[%emt 0:00:08]} 29. Kh2 {[%emt 0:00:02]} Rd1 {[%emt 0:00:04]} 30. Kg3 {[%emt 0:00:02]} e4 {[%emt 0:00:03]} 31. Kf4 {[%emt 0:00:05]} Ra1 {[%emt 0:00:07]} 32. Rxb7 {[%emt 0:00:04]} Rxa2 {[%emt 0:00:02]} 33. Bd4 {[%emt 0:00:02]} g5+ {[%emt 0:00:06]} 34. hxg5 {[%emt 0:00:03]} hxg5+ {[%emt 0:00:00]} 35. Kxg5 {[%emt 0:00:01]} Rd2 {[%emt 0:00:03]} 36. Be3 {[%emt 0:00:06]} Rd3 {[%emt 0:00:03]} 37. b4 {[%emt 0:00:03]} Bd1 {[%emt 0:00:01]} 38. b5 {[%emt 0:00:04]} Rb3 {[%emt 0:00:01]} 39. b6 {[%emt 0:00:01]} Be2 {[%emt 0:00:01]} 40. Kg6 {[%emt 0:00:05]} Kf8 {[%emt 0:00:04]} 41. Bc5+ {[%emt 0:00:07]} Ke8 {[%emt 0:00:01]} 42. Re7+ {[%emt 0:00:02]} Kd8 {[%emt 0:00:02]} 43. Rxe4 {[%emt 0:00:07]} Bd3 {[%emt 0:00:04]} 44. Kf5 {[%emt 0:00:03]} Bxe4+ {[%emt 0:00:02]} 45. Kxe4 {[%emt 0:00:00]} Kd7 {[%emt 0:00:01]} 46. f4 {[%emt 0:00:00]} Kc6 {[%emt 0:00:01]} 47. Bd4 {[%emt 0:00:00]} Rb4 {[%emt 0:00:01]} 48. f5 {[%emt 0:00:00]} Kd6 {[%emt 0:00:02]} 49. f6 {[%emt 0:00:00]} Ke6 {[%emt 0:00:01]} 50. f7 {[%emt 0:00:01]} Kxf7 {[%emt 0:00:01]} 51. Kd5 {[%emt 0:00:00]} Ke7 {[%emt 0:00:03]} 52. Kc5 {[%emt 0:00:00]} Rb1 {[%emt 0:00:02]} 53. Kc6 {[%emt 0:00:01]} Kd8 {[%emt 0:00:01]} 54. Bc5 {[%emt 0:00:00]} Kc8 {[%emt 0:00:01]} 55. b7+ {[%emt 0:00:01] Greblah bietet Remis} Kd8 {[%emt 0:00:06]} 56. Bd6 {[%emt 0:00:00]} Ke8 {[%emt 0:00:02]} 57. Bc5 {[%emt 0:00:00]} Kd8 {[%emt 0:00:02]} 58. Bb6+ {[%emt 0:00:00]} Rxb6+ {[%emt 0:00:06]} 59. Kxb6 {[%emt 0:00:00]} Kd7 {[%emt 0:00:01]} 60. b8=Q {[%emt 0:00:00]} Ke6 {[%emt 0:00:01]} 61. Qc7 {[%emt 0:00:00]} Kf5 {[%emt 0:00:02]} 62. Qc5+ {[%emt 0:00:00]} Ke4 {[%emt 0:00:01]} 63. Kc6 {[%emt 0:00:00]} Kf3 {[%emt 0:00:01]} 64. Qd5+ {[%emt 0:00:00]} Kf4 {[%emt 0:00:01]} 65. Kc5 {[%emt 0:00:00] Czas partii (Lag: Av=0.45s, max=2.5s)} 1-0

[Event "183 Stay Safe Play From Home series"]
[Site "T#646406Emanuel Laske"]
[Date "2020.05.28"]
[Round "3"]
[White "Spacecap39"]
[Black "Indianquant"]
[Result "0-1"]
[WhiteElo "1839"]
[BlackElo "2223"]
[Annotator "NA"]
[PlyCount "64"]
[EventDate "2020.05.28"]
[EventType "swiss (blitz)"]

1. e4 {[%emt 0:00:04]} c5 {[%emt 0:00:01]} 2. Nf3 {[%emt 0:00:02]} d6 {[%emt 0:00:01]} 3. h3 {[%emt 0:00:01]} Nf6 {[%emt 0:00:03]} 4. Bd3 {[%emt 0:00:02]} b6 {[%emt 0:00:08]} 5. O-O {[%emt 0:00:04]} Nbd7 {[%emt 0:00:04]} 6. c3 {[%emt 0:00:02]} Bb7 {[%emt 0:00:01]} 7. Re1 {[%emt 0:00:01]} g6 {[%emt 0:00:01]} 8. Bc2 {[%emt 0:00:01]} Bg7 {[%emt 0:00:01]} 9. d4 {[%emt 0:00:04]} O-O {[%emt 0:00:24]} 10. Bf4 {[%emt 0:00:03]} Nh5 {[%emt 0:00:19]} 11. Bh2 {[%emt 0:00:03]} e5 {[%emt 0:00:02]} 12. d5 {[%emt 0:00:14]} Qe7 {[%emt 0:00:09]} 13. Nbd2 {[%emt 0:00:02]} Bh6 {[%emt 0:00:05]} 14. Nf1 {[%emt 0:00:02]} Nf4 {[%emt 0:00:14]} 15. Ne3 {[%emt 0:00:03]} Rae8 {[%emt 0:00:03]} 16. Ng4 {[%emt 0:00:02]} Bg7 {[%emt 0:00:00]} 17. Bxf4 {[%emt 0:00:10]} exf4 {[%emt 0:00:01]} 18. Qd2 {[%emt 0:00:06]} h5 {[%emt 0:00:01]} 19. Ngh2 {[%emt 0:00:08]} Qf6 {[%emt 0:00:01]} 20. Rad1 {[%emt 0:00:10]} Bh6 {[%emt 0:00:02]} 21. Qd3 {[%emt 0:00:03]} Re7 {[%emt 0:00:02]} 22. Nd2 {[%emt 0:00:08]} Ne5 {[%emt 0:00:02]} 23. Qf1 {[%emt 0:00:03]} g5 {[%emt 0:00:01]} 24. Nhf3 {[%emt 0:00:03]} g4 {[%emt 0:00:01]} 25. Nxe5 {[%emt 0:00:02]} Rxe5 {[%emt 0:00:01]} 26. hxg4 {[%emt 0:00:01]} hxg4 {[%emt 0:00:01]} 27. Nc4 {[%emt 0:00:03]} Rh5 {[%emt 0:00:01]} 28. g3 {[%emt 0:00:22]} f3 {[%emt 0:00:01]} 29. e5 {[%emt 0:00:06]} Qh8 {[%emt 0:00:01]} 30. e6 {[%emt 0:00:08]} Bf4 {[%emt 0:00:07]} 31. exf7+ {[%emt 0:00:04]} Kg7 {[%emt 0:00:04]} 32. Qd3 {[%emt 0:00:15]} Rh1# {[%emt 0:00:03] (Lag: Av=0.46s, max=0.9s)} 0-1

[Event "183 Stay Safe Play From Home series"]
[Site "T#646406Emanuel Laske"]
[Date "2020.05.28"]
[Round "3"]
[White "Trotsky"]
[Black "Patzeroglu"]
[Result "0-1"]
[WhiteElo "1564"]
[BlackElo "1960"]
[Annotator "NA"]
[PlyCount "44"]
[EventDate "2020.05.28"]
[EventType "swiss (blitz)"]

1. d4 {[%emt 0:00:02]} c5 {[%emt 0:00:00]} 2. e3 {[%emt 0:00:01]} d5 {[%emt 0:00:02]} 3. c4 {[%emt 0:00:01]} Nf6 {[%emt 0:00:03]} 4. Nc3 {[%emt 0:00:01]} cxd4 {[%emt 0:00:01]} 5. exd4 {[%emt 0:00:01]} e6 {[%emt 0:00:00]} 6. Be3 {[%emt 0:00:01]} Be7 {[%emt 0:00:02]} 7. Nf3 {[%emt 0:00:01]} O-O {[%emt 0:00:02]} 8. Qc2 {[%emt 0:00:01]} dxc4 {[%emt 0:00:15]} 9. Bxc4 {[%emt 0:00:01]} Nbd7 {[%emt 0:00:00]} 10. h4 {[%emt 0:00:02]} Nb6 {[%emt 0:00:04]} 11. Bd3 {[%emt 0:00:01]} Nbd5 {[%emt 0:00:01]} 12. Ng5 {[%emt 0:00:01]} Nxc3 {[%emt 0:00:06]} 13. bxc3 {[%emt 0:00:02]} h6 {[%emt 0:00:01]} 14. O-O-O {[%emt 0:00:01]} b5 {[%emt 0:00:03]} 15. Kb1 {[%emt 0:00:05]} Bb7 {[%emt 0:00:04]} 16. Bh7+ {[%emt 0:00:02]} Kh8 {[%emt 0:00:02]} 17. Rh2 {[%emt 0:00:03]} Bd5 {[%emt 0:00:08]} 18. Ka1 {[%emt 0:00:02]} Qa5 {[%emt 0:00:02]} 19. Rb1 {[%emt 0:00:04]} Rab8 {[%emt 0:00:05]} 20. Rb2 {[%emt 0:00:01]} b4 {[%emt 0:00:12]} 21. c4 {[%emt 0:00:02]} Bxc4 {[%emt 0:00:01]} 22. Qc3 {[%emt 0:00:08] Trotsky Ñäàåòñÿ (Lag: Av=0.76s, max=3.1s)} bxc3 {[%emt 0:00:02]} 0-1

[Event "183 Stay Safe Play From Home series"]
[Site "T#646406Emanuel Laske"]
[Date "2020.05.28"]
[Round "4"]
[White "little champs"]
[Black "Position"]
[Result "0-1"]
[WhiteElo "2278"]
[BlackElo "2069"]
[PlyCount "54"]
[EventDate "2020.05.28"]
[EventType "swiss (blitz)"]

1. d4 {[%emt 0:00:01]} Nf6 {[%emt 0:00:02]} 2. e3 {[%emt 0:00:01]} b6 {[%emt 0:00:02]} 3. Nf3 {[%emt 0:00:00]} Bb7 {[%emt 0:00:01]} 4. Be2 {[%emt 0:00:00]} d6 {[%emt 0:00:01]} 5. O-O {[%emt 0:00:00]} g6 {[%emt 0:00:00]} 6. c4 {[%emt 0:00:01]} Bg7 {[%emt 0:00:00]} 7. Nc3 {[%emt 0:00:00]} O-O {[%emt 0:00:01]} 8. d5 {[%emt 0:00:01]} Nbd7 {[%emt 0:00:03]} 9. e4 {[%emt 0:00:01]} Nc5 {[%emt 0:00:01]} 10. Qc2 {[%emt 0:00:01]} a5 {[%emt 0:00:01]} 11. Nd2 {[%emt 0:00:01]} e6 {[%emt 0:00:07]} 12. f3 {[%emt 0:00:02]} exd5 {[%emt 0:00:01]} 13. Nxd5 {[%emt 0:00:01]} Re8 {[%emt 0:00:09]} 14. Rb1 {[%emt 0:00:03]} Ne6 {[%emt 0:00:06]} 15. Qd3 {[%emt 0:00:07]} Nc5 {[%emt 0:00:03]} 16. Qc2 {[%emt 0:00:02]} Bxd5 {[%emt 0:00:13]} 17. cxd5 {[%emt 0:00:01]} Nxd5 {[%emt 0:00:01]} 18. Bb5 {[%emt 0:00:05]} Bd4+ {[%emt 0:00:10]} 19. Kh1 {[%emt 0:00:04]} Ne3 {[%emt 0:00:01]} 20. Nb3 {[%emt 0:00:40]} Nxc2 {[%emt 0:00:03]} 21. Nxd4 {[%emt 0:00:01]} Nxd4 {[%emt 0:00:01]} 22. Bxe8 {[%emt 0:00:01]} Qxe8 {[%emt 0:00:01]} 23. Be3 {[%emt 0:00:01]} Nde6 {[%emt 0:00:02]} 24. Rbd1 {[%emt 0:00:03]} Qb5 {[%emt 0:00:02]} 25. b3 {[%emt 0:00:02]} a4 {[%emt 0:00:05]} 26. bxa4 {[%emt 0:00:02]} Rxa4 {[%emt 0:00:00]} 27. Rd2 {[%emt 0:00:02]} Qxf1+ {[%emt 0:00:02] little champs resigns (Lag: Av=1.08s, max=2.6s)} 0-1

[Event "183 Stay Safe Play From Home series"]
[Site "T#646406Emanuel Laske"]
[Date "2020.05.28"]
[Round "4"]
[White "Indianquant"]
[Black "Lazieri3"]
[Result "1-0"]
[WhiteElo "2227"]
[BlackElo "2056"]
[PlyCount "83"]
[EventDate "2020.05.28"]
[EventType "swiss (blitz)"]

1. Nf3 {[%emt 0:00:01]} c6 {[%emt 0:00:00]} 2. c4 {[%emt 0:00:02]} d5 {[%emt 0:00:00]} 3. d4 {[%emt 0:00:00]} Nf6 {[%emt 0:00:01] Lazieri3 offers a draw} 4. e3 {[%emt 0:00:09]} Bf5 {[%emt 0:00:01]} 5. Nc3 {[%emt 0:00:01]} e6 {[%emt 0:00:01]} 6. Nh4 {[%emt 0:00:01]} Bg4 {[%emt 0:00:02]} 7. Qb3 {[%emt 0:00:01]} b6 {[%emt 0:00:00]} 8. h3 {[%emt 0:00:03]} Bh5 {[%emt 0:00:01]} 9. g4 {[%emt 0:00:06]} Ne4 {[%emt 0:00:02]} 10. Nxe4 {[%emt 0:00:14]} Qxh4 {[%emt 0:00:03]} 11. cxd5 {[%emt 0:00:21]} exd5 {[%emt 0:00:09]} 12. Nc3 {[%emt 0:00:02]} Bxg4 {[%emt 0:00:27]} 13. Bg2 {[%emt 0:00:13]} Be6 {[%emt 0:00:04]} 14. a4 {[%emt 0:00:25]} Nd7 {[%emt 0:00:04]} 15. a5 {[%emt 0:00:01]} Rb8 {[%emt 0:00:13]} 16. axb6 {[%emt 0:00:02]} axb6 {[%emt 0:00:01]} 17. Ra7 {[%emt 0:00:02]} Bd6 {[%emt 0:00:02]} 18. Qa4 {[%emt 0:00:04]} Rc8 {[%emt 0:00:30]} 19. Bd2 {[%emt 0:00:10]} O-O {[%emt 0:00:02]} 20. Qc2 {[%emt 0:00:00]} Qg5 {[%emt 0:00:12]} 21. Kf1 {[%emt 0:00:05]} Ra8 {[%emt 0:00:09]} 22. Rxa8 {[%emt 0:00:06]} Rxa8 {[%emt 0:00:00]} 23. Qb1 {[%emt 0:00:01]} Bf5 {[%emt 0:00:04]} 24. e4 {[%emt 0:00:03]} dxe4 {[%emt 0:00:01]} 25. Bxg5 {[%emt 0:00:01]} g6 {[%emt 0:00:10]} 26. Be3 {[%emt 0:00:01]} c5 {[%emt 0:00:02]} 27. dxc5 {[%emt 0:00:03]} Nxc5 {[%emt 0:00:01]} 28. Ke2 {[%emt 0:00:01]} Nd3 {[%emt 0:00:05]} 29. Bxe4 {[%emt 0:00:01]} Bxe4 {[%emt 0:00:01]} 30. Nxe4 {[%emt 0:00:00]} Ne5 {[%emt 0:00:05]} 31. Nxd6 {[%emt 0:00:02]} Rd8 {[%emt 0:00:01]} 32. Ne4 {[%emt 0:00:02]} f5 {[%emt 0:00:02]} 33. Ng5 {[%emt 0:00:03]} Nc4 {[%emt 0:00:04]} 34. Qa2 {[%emt 0:00:02]} b5 {[%emt 0:00:01]} 35. Rc1 {[%emt 0:00:01]} Kg7 {[%emt 0:00:01]} 36. Ne6+ {[%emt 0:00:02]} Kf6 {[%emt 0:00:01]} 37. Nxd8 {[%emt 0:00:00]} f4 {[%emt 0:00:01]} 38. Bxf4 {[%emt 0:00:01]} Kf5 {[%emt 0:00:01]} 39. Rxc4 {[%emt 0:00:01]} bxc4 {[%emt 0:00:01]} 40. Qxc4 {[%emt 0:00:00]} g5 {[%emt 0:00:01]} 41. Be3 {[%emt 0:00:01]} h5 {[%emt 0:00:02]} 42. Qe6# {[%emt 0:00:01] (Lag: Av=0.71s, max=1.3s)} 1-0

[Event "183 Stay Safe Play From Home series"]
[Site "T#646406Emanuel Laske"]
[Date "2020.05.28"]
[Round "4"]
[White "Don59as"]
[Black "Greblah"]
[Result "1-0"]
[WhiteElo "2083"]
[BlackElo "1934"]
[Annotator "NA"]
[PlyCount "159"]
[EventDate "2020.05.28"]
[EventType "swiss (blitz)"]

1. c4 {[%emt 0:00:02]} c6 {[%emt 0:00:00]} 2. e4 {[%emt 0:00:02]} d5 {[%emt 0:00:00]} 3. cxd5 {[%emt 0:00:00]} cxd5 {[%emt 0:00:01]} 4. e5 {[%emt 0:00:00]} e6 {[%emt 0:00:01]} 5. f4 {[%emt 0:00:01]} Bd7 {[%emt 0:00:00]} 6. Nf3 {[%emt 0:00:01]} Ne7 {[%emt 0:00:01]} 7. d4 {[%emt 0:00:01]} g6 {[%emt 0:00:01]} 8. Bd3 {[%emt 0:00:01]} Bg7 {[%emt 0:00:01]} 9. O-O {[%emt 0:00:01]} Nbc6 {[%emt 0:00:01]} 10. Be3 {[%emt 0:00:02]} O-O {[%emt 0:00:01]} 11. Nc3 {[%emt 0:00:01]} a6 {[%emt 0:00:01]} 12. a3 {[%emt 0:00:01]} b5 {[%emt 0:00:01]} 13. Rc1 {[%emt 0:00:03]} Na5 {[%emt 0:00:01]} 14. b3 {[%emt 0:00:03]} Rc8 {[%emt 0:00:02]} 15. Qd2 {[%emt 0:00:02]} Qb6 {[%emt 0:00:02]} 16. Qb2 {[%emt 0:00:03]} Rc7 {[%emt 0:00:03]} 17. Ne2 {[%emt 0:00:06]} Rfc8 {[%emt 0:00:02]} 18. Rxc7 {[%emt 0:00:01]} Rxc7 {[%emt 0:00:01]} 19. Rc1 {[%emt 0:00:02]} Rxc1+ {[%emt 0:00:02]} 20. Bxc1 {[%emt 0:00:06]} Qc7 {[%emt 0:00:02]} 21. Bd2 {[%emt 0:00:03]} Nb7 {[%emt 0:00:02]} 22. g4 {[%emt 0:00:05]} Bf8 {[%emt 0:00:01]} 23. Ng3 {[%emt 0:00:04]} Nc6 {[%emt 0:00:03]} 24. f5 {[%emt 0:00:02]} exf5 {[%emt 0:00:04]} 25. gxf5 {[%emt 0:00:00]} Qb6 {[%emt 0:00:03]} 26. e6 {[%emt 0:00:06]} fxe6 {[%emt 0:00:04]} 27. fxg6 {[%emt 0:00:01]} hxg6 {[%emt 0:00:02]} 28. Bxg6 {[%emt 0:00:01]} Bg7 {[%emt 0:00:01]} 29. Be3 {[%emt 0:00:06]} e5 {[%emt 0:00:01]} 30. Nh5 {[%emt 0:00:10]} exd4 {[%emt 0:00:04]} 31. Nxg7 {[%emt 0:00:01]} Kxg7 {[%emt 0:00:01]} 32. Bd3 {[%emt 0:00:13]} Kg8 {[%emt 0:00:07]} 33. Nxd4 {[%emt 0:00:01]} Nxd4 {[%emt 0:00:02]} 34. Bxd4 {[%emt 0:00:04]} Qh6 {[%emt 0:00:01]} 35. Qg2+ {[%emt 0:00:03]} Kf7 {[%emt 0:00:05]} 36. Qxd5+ {[%emt 0:00:01]} Ke8 {[%emt 0:00:06]} 37. Qe5+ {[%emt 0:00:22]} Kd8 {[%emt 0:00:07]} 38. Qb8+ {[%emt 0:00:02]} Bc8 {[%emt 0:00:12]} 39. Qe5 {[%emt 0:00:09]} Qc1+ {[%emt 0:00:03]} 40. Kf2 {[%emt 0:00:02]} Qd2+ {[%emt 0:00:03]} 41. Be2 {[%emt 0:00:01]} Qh6 {[%emt 0:00:08]} 42. Bf3 {[%emt 0:00:07]} Qf8 {[%emt 0:00:03]} 43. Bb6+ {[%emt 0:00:02]} Kd7 {[%emt 0:00:05]} 44. Qc7+ {[%emt 0:00:01]} Ke6 {[%emt 0:00:01]} 45. Qc6+ {[%emt 0:00:06]} Ke7 {[%emt 0:00:01]} 46. Bc5+ {[%emt 0:00:02]} Nxc5 {[%emt 0:00:01]} 47. Qxc5+ {[%emt 0:00:01]} Ke8 {[%emt 0:00:01]} 48. Qxf8+ {[%emt 0:00:01]} Kxf8 {[%emt 0:00:01]} 49. Ke3 {[%emt 0:00:01]} Kf7 {[%emt 0:00:01]} 50. Kd4 {[%emt 0:00:01]} Be6 {[%emt 0:00:08]} 51. b4 {[%emt 0:00:01]} Ke7 {[%emt 0:00:02]} 52. Kc5 {[%emt 0:00:01]} Kd7 {[%emt 0:00:01]} 53. Kb6 {[%emt 0:00:01]} Kd6 {[%emt 0:00:01]} 54. Kxa6 {[%emt 0:00:01]} Bc4 {[%emt 0:00:01]} 55. Kb6 {[%emt 0:00:01]} Bf1 {[%emt 0:00:02]} 56. Bc6 {[%emt 0:00:01]} Bh3 {[%emt 0:00:02]} 57. Bxb5 {[%emt 0:00:00]} Bg4 {[%emt 0:00:01]} 58. a4 {[%emt 0:00:00]} Bf3 {[%emt 0:00:01]} 59. a5 {[%emt 0:00:00]} Ba8 {[%emt 0:00:01]} 60. a6 {[%emt 0:00:00]} Bd5 {[%emt 0:00:01]} 61. a7 {[%emt 0:00:01]} Ba8 {[%emt 0:00:01]} 62. Ba6 {[%emt 0:00:00]} Bd5 {[%emt 0:00:01]} 63. Bb7 {[%emt 0:00:01]} Bxb7 {[%emt 0:00:01]} 64. Kxb7 {[%emt 0:00:00]} Kd5 {[%emt 0:00:00]} 65. a8=Q {[%emt 0:00:01]} Kc4 {[%emt 0:00:00]} 66. Qc8+ {[%emt 0:00:00]} Kb3 {[%emt 0:00:01]} 67. h4 {[%emt 0:00:00]} Ka4 {[%emt 0:00:01]} 68. h5 {[%emt 0:00:00]} Kb5 {[%emt 0:00:00]} 69. h6 {[%emt 0:00:01]} Ka4 {[%emt 0:00:01]} 70. h7 {[%emt 0:00:00]} Kb5 {[%emt 0:00:00]} 71. h8=Q {[%emt 0:00:01]} Ka4 {[%emt 0:00:00]} 72. b5 {[%emt 0:00:01]} Kxb5 {[%emt 0:00:00]} 73. Qc6+ {[%emt 0:00:02]} Kb4 {[%emt 0:00:01]} 74. Qh5 {[%emt 0:00:00]} Kb3 {[%emt 0:00:00]} 75. Qcf3+ {[%emt 0:00:00]} Kc4 {[%emt 0:00:01]} 76. Qhg4+ {[%emt 0:00:00]} Kc5 {[%emt 0:00:01]} 77. Qff5+ {[%emt 0:00:00]} Kd6 {[%emt 0:00:01]} 78. Qgg6+ {[%emt 0:00:00]} Ke7 {[%emt 0:00:01]} 79. Qff7+ {[%emt 0:00:00]} Kd8 {[%emt 0:00:01]} 80. Qgg8# {[%emt 0:00:00] (Lag: Av=0.35s, max=0.5s)} 1-0